000
00269nam a22001217a 4500
003
SGT
082
_a
370
_b
HOD
100
_a
HIDKINSON. ALAN
245
_a
KEY ISSUE IN SPECIAL EDUCATION NEEDS INCLUSION
260
_a
USA
_b
SAGE
_c
2014
300
_a
188
942
_2
ddc
_c
BK
999
_c
17801
_d
17801